000 00405cam a22001097a 4500
008 180718b1978 xxu||||| |||| 00| 0 eng d
082 _aT3101 Un3
245 _aNational legislation and regulations relating to transnational corporations
_cby Centre on Transnational Corporations, U.S.A.
260 _aNew York
_bUnited Nations
_c1978
300 _a302+p
700 _aU.S.A. Centre on Transnational Corporations
999 _c497951
_d497951